Základy sociálnej psychológie Skriptá - učebné texty

Bibliographic Details
Main Author: Lokša, Jozef (Author)
Format: Book
Language:Slovak
PhysicalDescription:274 s. 21 cm
Published: Ružomberok Pedagogická fakulta Katolíckej univerzity 2007
ISBN:9788080841737
Edition:[1. vyd.]
Subjects:

MARC

LEADER 00000nam a2200000 a 4500
001 vtls008997260
003 SK-MaSNL
005 20260301081039.0
008 240314s2007 xo d p 000 0 slo
015 |a SNBA2007/07-03058 
020 |a 9788080841737  |q (brož.) 
035 |a 1800BF42-9BCC-49F8-8E7F-CA98F7AF6046 
035 |a urn:nbn:sk:snk-amlbds 
035 |a urn:nbn:sk:snk-am0091wk 
040 |a SNK  |b slo  |c SNK  |e AACR2 
041 0 |a slo 
044 |a xo  |c SK 
072 7 |a 316.4/.7  |x Sociálne interakcie  |2 konspekt 
080 |a 316.6  |2 2001 
080 |a (075.8)  |2 2001 
100 1 |a Lokša, Jozef  |4 aut  |9 11248 
245 1 0 |a Základy sociálnej psychológie  |p Skriptá - učebné texty  |c Jozef Lokša 
246 3 0 |a Skriptá - učebné texty 
250 |a [1. vyd.] 
260 |a Ružomberok  |b Pedagogická fakulta Katolíckej univerzity  |c 2007 
300 |a 274 s.  |c 21 cm 
504 |a Bibliogr. s. 272-274 
650 0 7 |a sociálna psychológia  |2 SNKPH  |9 1007 
655 7 |a učebnice vysokých škôl  |2 SNKPH  |9 70191 
919 |a 978-80-8084-173-7 
958 |a NB 
958 |a OND 
968 |d 30/31 
999 |c 654839  |d 656769 
952 |a SNK  |b SNK  |y VYP  |7 0  |p 17A0554298  |o snkSC 128264 D1  |i snk2007/14881  |8 0  |0 0  |1 0  |4 0  |d 2007-06-08  |l 0  |r 2026-02-23 18:33:55  |w 2026-02-23 
952 |a SNK  |b SNK  |y PREZ  |7 0  |p 17A0554297  |o snkSC 128264  |i snk2007/14880  |8 0  |0 0  |1 0  |4 0  |d 2007-06-08  |f 1  |l 0  |r 2025-06-17 00:00:00  |w 2026-02-23